000 00535ntaaa2200205 4500
003 01
005 20251027202926.0
008 0714s1973 ag 01
040 _aAR-BaBN
_bspa
_cAR-BaBN
_eaacr
_dRIC
082 _a922.3420 C85
100 _aRidley, Jasper
_929794
245 _aThomas Cranmer (1489-1556)
250 _a1 ed.
260 _aOxford :
_bClarendon Press,
_cc1962
300 _a450 p
500 _aA comprehensive biography
650 _aCranmer, Tomás (1489-1556)
_929795
650 _aAnglicanismo
_95725
942 _cBK
999 _c24494
_d24494